000 00394cam a2200157ua 4500
020 _c4.00
041 _amal
_h
082 _a928.894812
_bKUN/MA
100 _aKunjiraman Nair, P .
245 _aMahakavi P /
_cP Kunjiraman Nair.
_hTextual Documents
260 _aKottayam :
_bNational Book Stall ,
_c1962.
300 _a300 ; .
365 _a4.00
942 _cBK
999 _c5977
_d5977